| 000 | 00881cam a22002773a 4500 | ||
|---|---|---|---|
| 001 | 30933 | ||
| 003 | PGUSA | ||
| 005 | 20140828083653.0 | ||
| 008 | 100111s2010||||xxu|||||s|||||000 1 eng d | ||
| 040 |
_aPGUSA _beng |
||
| 042 | _adc | ||
| 050 | 4 | _aPR | |
| 100 | 1 |
_aDoyle, Arthur Conan, _d1859-1930 |
|
| 245 | 1 | 0 |
_aSherlock Holmes : _bDe Agra-Schat _h[electronic resource] / _cArthur Conan Doyle |
| 260 |
_bProject Gutenberg, _c2010 |
||
| 500 | _aTranslation of: The Sign of the Four | ||
| 506 | _aPublic domain in the USA. | ||
| 516 | _aElectronic text | ||
| 653 | _aPrivate investigators -- England -- Fiction | ||
| 653 | _aDetective and mystery stories | ||
| 653 | _aHolmes, Sherlock (Fictitious character) -- Fiction | ||
| 740 | 0 | _aThe Sign of the Four. Dutch | |
| 830 | 0 |
_aProject Gutenberg _v30933 |
|
| 856 | 4 | 0 | _uhttp://www.gutenberg.org/ebooks/30933 |
| 942 | _cEB | ||
| 999 |
_c260188 _d260188 |
||